000 00595nam a2200181 i 4500
001 75307
003 ES-MaACL
005 20230906172413.0
007 t|
008 040923s1968 sp ||||1| spa d
100 1 _aGregorig, Romano.
_959895
245 1 0 _aCambiadores de calor /
_cpor Romano Gregorig ; traducido por A. López de Chueca ; revisado por Miguel Angel Montemayor.
260 _aBilbao :
_bUrmo,
_c[1968]
300 _a570 p. :
_bil. ;
_c25 cm.
700 1 _aLópez de Chueca, Aurora.
_973536
700 1 _aMontemayor, Miguel Angel.
_982452
852 _aES-MaACL
_jC-37711
_bR.72415
999 _c75307
_d75307